| 000 | 00803nam a2200229Ia 4500 | ||
|---|---|---|---|
| 008 | 191130s2005##################000#0#eng## | ||
| 020 | _a9780812974829 | ||
| 022 | _a2006277845 | ||
| 040 |
_aACL _cACL |
||
| 082 | _a641.5945 TRI | ||
| 100 | _aTrigiani, Adriana | ||
| 245 |
_aCooking with my sisters : one hundred years of family recipes from Bari to big stone gap _cAdriana Trigiani and Mary Yolanda Trigiani with Lucia Anna ... [et al.] ; photographs by Mark Ferri |
||
| 250 | _aRandom House trade pbk. ed | ||
| 260 |
_aNew York _bRandom House _c2005 |
||
| 300 | _axiii, 167 p. : ill. (some col.) ; 24 cm | ||
| 500 | _aIncludes index | ||
| 650 | _aCooking, Italian | ||
| 700 | _aTrigiani, Mary Yolanda | ||
| 990 | _a77ee1f10ac10000c52a259aed5b74b78 | ||
| 991 | _a317422 | ||
| 999 |
_c139069 _d139069 |
||